Bikaner ke aitihasik sikke (Record no. 395020)

MARC details
000 -LEADER
fixed length control field 00516 a2200205 4500
005 - DATE & TIME
control field 20260512163806.0
008 - FIXED-LENGTH DATA ELEMENTS--GENERAL INFORMATION
fixed length control field 260512b |||||||| |||| 00| 0 eng d
020 ## - ISBN
International Standard Book Number 9789390179367
Price Rs. 350.00
040 ## - CATALOGING SOURCE
Original cataloging agency VIVEKANANDA LIBRARY
082 ## - DDC NUMBER
Classification number 737.49544
Book Number T952B
100 ## - MAIN ENTRY--PERSONAL NAME
Personal name Tyagi, Bhageshwar Prasad
245 ## - TITLE STATEMENT
Title Bikaner ke aitihasik sikke
260 ## - PUBLICATION, DISTRIBUTION, ETC. (IMPRINT)
Name of publisher, distributor, etc Rajasthani Granthgar
Date of publication, distribution, etc 2021
Place of publication, distribution, etc Jodhpur
300 ## - PHYSICAL DESCRIPTION
Pages 104
650 ## - Subject
Subject History
650 ## - Subject
Subject Numismatics
650 ## - Subject
Subject Coins
650 ## - Subject
Subject Bikaner Region
942 ## - ADDED ENTRY ELEMENTS (KOHA)
Koha item type Books
Holdings
Withdrawn status Lost status Source of classification or shelving scheme Damaged status Not for loan Location (home branch) Sublocation or collection (holding branch) Shelving location Date acquired Koha issues (times borrowed) Koha full call number Accession No. Koha date last seen Koha item type
    Dewey Decimal Classification     VIVEKANANDA LIBRARY VIVEKANANDA LIBRARY Vivekananda Library 16/12/2025   737.49544 T952B 443690 16/12/2025 Books
© Designed and Maintained by Vivekananda Library, MDU Rohtak